Veiled Gazelle (Record no. 9849)

MARC details
000 -LEADER
fixed length control field 00594nam a2200229 a 4500
020 ## - INTERNATIONAL STANDARD BOOK NUMBER
ISBN
082 00 - DEWEY DECIMAL CLASSIFICATION NUMBER
Classification number 297.4
Author Cutter SHA20
100 ## - MAIN ENTRY--AUTHOR NAME
Author name Shah, Idries
245 ## - TITLE STATEMENT
Title Veiled Gazelle
Sub title Seeing How to See
260 ## - PUBLICATION, DISTRIBUTION, ETC. (IMPRINT)
Place of publication London
Name of publisher Octagon Press
Year of publication 1978
300 ## - PHYSICAL DESCRIPTION
Number of Pages 103p
500 ## - GENERAL NOTE
General note includes index and biblioraphy
505 2# - FORMATTED CONTENTS NOTE
Formatted contents note English Rendering Muhammad Akbnar Muradpuri, Abul Aziz Kamal
942 ## - ADDED ENTRY ELEMENTS (KOHA)
Koha item type Books
700 1# -
-- Shah, Idries
Holdings
Collection code Home library Current library Date acquired Cost, normal purchase price Full call number Accession Number Koha item type
  Henry Martyn Institute Library Henry Martyn Institute Library 03/07/2008 225.00 297.4 SHA20 018553 Books
                   Copyright © 2026 | Henry Martyn Institute | Hyderabad | TS-500052 | INDIA | Implemented by hmi.edu.in
Hit-Count:

Powered by Koha